000
00297nam a22001217a 4500
082
_a
621.3 DAW'C
100
_a
DAWES, CHASTER L
_9
78718
245
_a
A COURSE IN ELECTRICAL ENGINEERING DIRECT CURRENT
250
_a
4TH
260
_a
NEWYORK
_b
MCGRAW HILL
_c
1955
300
_a
VOL-1&2
942
_c
BK
999
_c
583810
_d
583810